000 00511ntaaa2200181 4500
003 01
005 20251027202905.0
008 0714s1973 ag 01
040 _aAR-BaBN
_bspa
_cAR-BaBN
_eaacr
_dRIC
082 _a269.8000 R57
245 _aAhora que soy miembro
250 _a1 ed.
260 _aEl Paso :
_bCasa Bautista de Publicaciones,
_c1968
300 _a48 p
500 _aEdición para maestros.Orientación para los miembros nuevos de la iglesia.
650 _aiglesia-membresía
_918209
942 _cBK
999 _c24204
_d24204